000
00300nam a22001337a 4500
008
170922b xxu||||| |||| 00| 0 eng d
020
_a
9781457663901
041
_a
eng
080
_a
37
100
_a
46
101
_a
EDU
245
_a
FROM INQUIRY TO ACADEMIC WRITING
_c
GREENE, S
942
_2
udc
_c
BK
999
_c
29175
_d
29175